| 000 | 00686nam a22002417a 4500 | ||
|---|---|---|---|
| 003 | OSt | ||
| 005 | 20150921134508.0 | ||
| 008 | 130215t xxu||||| |||| 00| 0 eng d | ||
| 020 | _a9789719803003 | ||
| 050 |
_aLB 2394 _b.R45 2015 |
||
| 100 | _aReganit, Arnulfo Aaron R. | ||
| 245 |
_aField study 2 : _bexperiencing the teaching-learning process / _cArnulfo Aaron R. Reganit. |
||
| 250 | _a2nd edition. | ||
| 260 |
_aQuezon City, Philippines : _bLorimar Publishing Inc., _c2015. |
||
| 300 |
_a43 pages : _c26 cm. |
||
| 521 | _aEducation | ||
| 562 | _e4 | ||
| 650 | _aLearning Process. | ||
| 650 | _aTeaching. | ||
| 942 |
_2lcc _cBK _kLOC |
||
| 999 |
_c288705 _d288705 |
||